000 00801cam a2200241 4500
001 M88645
008 090401t1997 xxu||||| |||| 00| 0 eng d
035 _a(Sirsi) u83039
041 _aeng
050 _a690.241
110 _aRoyal Institution of Chartered Surveyors
_94900
245 _aYour heritage: a guide to looking after historic property.
260 _aLondon
_bRICS
_c1997
300 _a(6)p. : ill. ; 21cm.
350 _a0
520 _aCover title: For advice on: repair and maintenance, valuation and costings, legal responsibilities, improvements and alterations, surveys and recordings. Publicity leaflet.
650 _aABOUT RICS-RICS MEMBERS
650 _aHISTORIC BUILDINGS
650 _aLISTED BUILDINGS
690 _aCONSERVATION
942 _n0
948 _c09/01/1998
999 _c96855
_d96855